000 00425cam a2200181 4500
001 D14706
008 090401t1948 xxu||||| |||| 00| 0 eng d
035 _a(Sirsi) u17443
041 _aeng
050 _a628.2
100 _aGale, Stanley
245 _aDrainage of land, estates and buildings
260 _aLondon
_bChapman and Hall
_c1948
300 _a248p. 22cm
350 _a1.1
942 _n0
948 _c04/03/1997
999 _c87510
_d87510